000 00706nam a2200289Ia 4500
005 20260324120742.0
008 008 260324s9999 xx 000 0 eng d
020 _a9781315819433
037 _aEBOOK
040 _aCRL
040 _beng
040 _cCRL
041 _2eng
041 _aeng
084 _qCRL
100 _aKey-young Son; Yong Wook Lee
_91159826
245 0 _aChina's Rise and Regional Integration in East Asia
245 0 _bHegemony or community?
260 _bTaylor and Francis
260 _c2014
365 _a
365 _b240
856 _uhttp://www.taylorfrancis.com/books/9781315819433
942 _cEBOOK
999 _c1751515
_d1751515